Statistiken für Top 15 der betroffenen Covid-19-Länder - 4. August 2021

Klicken Sie hier um das Quiz zu spielen!

Allgemein

  • Dieses Quiz wurde 14 mal gespielt
  • Das Durchschnittsergebnis liegt bei 15 aus 27

Antwortstatistiken

Land% Korrekt
Deutschland
100%
Frankreich
100%
Spanien
100%
Italien
93%
Vereinigte Staaten
93%
Brasilien
86%
Indien
86%
Türkei
79%
Vereinigtes Königreich
79%
Argentinien
71%
Portugal
64%
Russland
64%
Iran
57%
Schweden
57%
Belgien
50%
Kolumbien
50%
Niederlande
50%
Polen
50%
Indonesien
43%
Tschechien
29%
Uruguay
21%
Bahrain
14%
Estland
14%
Litauen
14%
Slowenien
14%
Panama
7%
Georgien
0%

Verteilung der Resultate

Perzentil nach korrekt beantworteten Fragen

Anzahl Personen mit jedem Resultat

Ihre Resultats-Entwicklung

Sie haben dieses Quiz noch nicht gespielt